000 00678nam a22001817a 4500
003 UA-OsUOA
001 17368
007 ta
008 20040224b un ||||| |||| 00| 0 ukr d
100 _aБескід О.І.
942 _cSA
040 _aUA-OsUOA
_cUA-OsUOA
_dUA-OsUOA
245 _aВіват, "Бескіди"!: [Про фермер. госп-во "Бескіди" з Сатиєва Дубен. р-ну розповідає один із його засновників Бескід О.І.]
300 _aС.4
955 _a0
773 0 _w0
_tНаше Дзеркало
_dДубно
_d2004
_g№5/29 січ./
650 7 _aКраєзнавча робота
_2UDC
999 _c303536
_d303536